[Event "Caribean-chT Blitz 24th"]
[Site "San Salvador"]
[Date "2023.07.06"]
[Round "9.2"]
[White "Granados Ortiz, Maria Jose"]
[Black "Wijnhard, Joelle"]
[Result "1-0"]
[WhiteElo "1744"]
[BlackElo "1294"]
[PlyCount "65"]
[EventDate "2023.07.06"]
[EventType "tourn (blitz)"]
[EventRounds "15"]
[EventCountry "ESA"]
[SourceTitle "CBM 215 Extra"]
[Source "ChessBase"]
[SourceDate "2023.09.30"]
[SourceVersion "1"]
[SourceVersionDate "2023.09.30"]
[SourceQuality "1"]
[WhiteTeam "Nicaragua"]
[BlackTeam "Surinam"]
[WhiteTeamCountry "NCA"]
[BlackTeamCountry "SUR"]

1. e4 c5 2. Nf3 d6 3. d4 cxd4 4. Nxd4 Bd7 5. Nc3 Nc6 6. Be3 g6 7. Be2 Bg7 8. Qd2 Nf6 9. f3 0-0 10. 0-0-0 a6 11. g4 Rc8 12. h4 Nxd4 13. Bxd4 Bc6 14. h5 e5 15. Be3 Qd7 16. hxg6 fxg6 17. Qxd6 Qxd6 18. Rxd6 Rfd8 19. Bc4+ Kh8 20. Rxd8+ Rxd8 21. Bg5 Rd7 22. Rd1 Rxd1+ 23. Kxd1 b5 24. Bb3 h6 25. Be3 g5 26. Ke2 Kh7 27. a4 b4 28. Na2 a5 29. Bb6 Bf8 30. Bxa5 h5 31. gxh5 Nxh5 32. Bxb4 Bxb4 33. Nxb4 1-0

[Event "Caribean-chT Blitz 24th"]
[Site "San Salvador"]
[Date "2023.07.06"]
[Round "15.2"]
[White "Otazo Sanchez, Annyd Gabriela"]
[Black "Wijnhard, Joelle"]
[Result "1-0"]
[WhiteElo "1904"]
[BlackElo "1294"]
[PlyCount "49"]
[EventDate "2023.07.06"]
[EventType "tourn (blitz)"]
[EventRounds "15"]
[EventCountry "ESA"]
[SourceTitle "CBM 215 Extra"]
[Source "ChessBase"]
[SourceDate "2023.09.30"]
[SourceVersion "1"]
[SourceVersionDate "2023.09.30"]
[SourceQuality "1"]
[WhiteTeam "Venezuela"]
[BlackTeam "Surinam"]
[WhiteTeamCountry "VEN"]
[BlackTeamCountry "SUR"]

1. e4 c5 2. Bc4 d6 3. c3 Bd7 4. d3 Nc6 5. f4 g6 6. Nf3 Bg7 7. Nbd2 e6 8. Nf1 Nge7 9. Bb3 0-0 10. Ng3 a6 11. 0-0 Rc8 12. Be3 b6 13. Qd2 d5 14. d4 c4 15. Bc2 b5 16. Ne5 Nxe5 17. fxe5 Bc6 18. Bg5 Qd7 19. Bf6 dxe4 20. Bxe4 Bxe4 21. Nxe4 Nd5 22. Qg5 Nxf6 23. Nxf6+ Bxf6 24. exf6 h5 25. Qh6 1-0

[Event "Caribean-chT Blitz 24th"]
[Site "San Salvador"]
[Date "2023.07.06"]
[Round "8.2"]
[White "Wijnhard, Joelle"]
[Black "Mejia, Camila"]
[Result "1/2-1/2"]
[WhiteElo "1294"]
[BlackElo "1257"]
[PlyCount "114"]
[EventDate "2023.07.06"]
[EventType "tourn (blitz)"]
[EventRounds "15"]
[EventCountry "ESA"]
[SourceTitle "CBM 215 Extra"]
[Source "ChessBase"]
[SourceDate "2023.09.30"]
[SourceVersion "1"]
[SourceVersionDate "2023.09.30"]
[SourceQuality "1"]
[WhiteTeam "Surinam"]
[BlackTeam "Honduras"]
[WhiteTeamCountry "SUR"]
[BlackTeamCountry "HON"]

1. e4 e5 2. Nf3 Nc6 3. d4 exd4 4. Nxd4 Nxd4 5. Qxd4 d6 6. Qd1 Nf6 7. Bd3 g6 8. 0-0 Bg7 9. Nc3 Be6 10. h3 d5 11. exd5 Nxd5 12. Nxd5 Qxd5 13. c3 0-0 14. Be3 b6 15. Be2 Rad8 16. Qxd5 Rxd5 17. Rfd1 Rfd8 18. Rxd5 Rxd5 19. Rd1 Rxd1+ 20. Bxd1 Bxa2 21. Kf1 Bc4+ 22. Be2 Bxe2+ 23. Kxe2 Kf8 24. Kd3 Ke7 25. b3 a5 26. c4 Kd6 27. Bd2 c5 28. Bf4+ Kc6 29. Be3 f5 30. f3 Be5 31. g4 fxg4 32. fxg4 h5 33. gxh5 gxh5 34. Ke4 Bg3 35. Kf5 b5 36. cxb5+ Kxb5 37. Ke4 c4 38. bxc4+ Kxc4 39. Bd4 a4 40. Ba1 a3 41. Kf3 h4 42. Kg4 Kb3 43. Kf3 Ka2 44. Bd4 Kb1 45. Kg2 a2 46. Kf3 a1Q 47. Bxa1 Kxa1 48. Kg2 Kb2 49. Kf3 Kc3 50. Kg2 Kd3 51. Kg1 Ke3 52. Kg2 Kf4 53. Kg1 Be1 54. Kh2 Bd2 55. Kg2 Be3 56. Kh2 Kf3 57. Kh1 Kg3 1/2-1/2

[Event "Caribean-chT Blitz 24th"]
[Site "San Salvador"]
[Date "2023.07.06"]
[Round "5.2"]
[White "Wijnhard, Joelle"]
[Black "Morales Santos, Natasha"]
[Result "1-0"]
[WhiteElo "1294"]
[BlackElo "1813"]
[PlyCount "64"]
[EventDate "2023.07.06"]
[EventType "tourn (blitz)"]
[EventRounds "15"]
[EventCountry "ESA"]
[SourceTitle "CBM 215 Extra"]
[Source "ChessBase"]
[SourceDate "2023.09.30"]
[SourceVersion "1"]
[SourceVersionDate "2023.09.30"]
[SourceQuality "1"]
[WhiteTeam "Surinam"]
[BlackTeam "Puerto Rico"]
[WhiteTeamCountry "SUR"]
[BlackTeamCountry "PUR"]

1. e4 e6 2. d4 d5 3. exd5 exd5 4. Nf3 Bd6 5. h3 Ne7 6. Nc3 Nbc6 7. Bd3 Be6 8. Be3 Qd7 9. a3 f6 10. Qd2 Bf5 11. 0-0 0-0-0 12. Rfb1 g5 13. b4 Rdg8 14. Nb5 h5 15. Nxd6+ Qxd6 16. c4 g4 17. Bf4 Qd7 18. Nh4 Bxd3 19. Qxd3 gxh3 20. g3 Rg4 21. Kh2 Rhg8 22. Rg1 Ng6 23. Nxg6 R4xg6 24. Rae1 h4 25. Re3 Ne7 26. c5 Nf5 27. Rf3 hxg3+ 28. Bxg3 Nxg3 29. Rfxg3 Rxg3 30. Rxg3 Rxg3 31. Qxg3 b6 32. Qxh3 Kd8 1-0

[Event "Caribean-chT Rapid 24th"]
[Site "San Salvador"]
[Date "2023.07.05"]
[Round "13.2"]
[White "Wijnhard, Joelle"]
[Black "Otazo Sanchez, Annyd Gabriela"]
[Result "0-1"]
[WhiteElo "1311"]
[BlackElo "1890"]
[PlyCount "52"]
[EventDate "2023.07.03"]
[EventType "tourn (rapid)"]
[EventRounds "15"]
[EventCountry "ESA"]
[SourceTitle "CBM 215 Extra"]
[Source "ChessBase"]
[SourceDate "2023.09.30"]
[SourceVersion "1"]
[SourceVersionDate "2023.09.30"]
[SourceQuality "1"]
[WhiteTeam "Surinam"]
[BlackTeam "Venezuela"]
[WhiteTeamCountry "SUR"]
[BlackTeamCountry "VEN"]

1. e4 e5 2. Nf3 Nf6 3. Nc3 Nc6 4. Bc4 Nxe4 5. Nxe4 d5 6. Bxd5 Qxd5 7. Nc3 Qd8 8. d3 Bg4 9. h3 Bh5 10. 0-0 Bd6 11. Be3 0-0 12. g4 Bg6 13. Ne2 f5 14. gxf5 Bxf5 15. Ng3 Bxh3 16. Re1 Bg4 17. Kg2 Bxf3+ 18. Qxf3 Rxf3 19. Kxf3 Qf6+ 20. Kg2 Nd4 21. Bxd4 exd4 22. Re4 Rf8 23. Re2 Qf3+ 24. Kh2 Bxg3+ 25. fxg3 Qxe2+ 26. Kg1 Rf2 0-1

[Event "Central America-ch (Women) 24th"]
[Site "San Salvador"]
[Date "2023.01.21"]
[Round "2"]
[White "Granados Ortiz, Maria Jose"]
[Black "Wijnhard, Joelle"]
[Result "1/2-1/2"]
[WhiteElo "1646"]
[BlackElo "1294"]
[PlyCount "92"]
[EventDate "2023.01.21"]
[EventType "swiss"]
[EventRounds "11"]
[EventCountry "ESA"]
[SourceTitle "CBM 212 Extra"]
[Source "ChessBase"]
[SourceDate "2023.03.31"]
[SourceVersion "1"]
[SourceVersionDate "2023.03.31"]
[SourceQuality "1"]

1. e4 c5 2. Nf3 d6 3. d4 cxd4 4. Nxd4 Bd7 5. Nc3 Nc6 6. Be3 g6 7. Qd2 Bg7 8. 0-0-0 Nf6 9. f3 a6 10. h4 Qc7 11. Be2 0-0-0 12. Nb3 Kb8 13. Na4 Qc8 14. Bb6 Rde8 15. Be3 Be6 16. Kb1 Nd7 17. Nd4 Nxd4 18. Bxd4 Bxd4 19. Qxd4 Nc5 20. Nb6 Qc6 21. Nd5 Bxd5 22. Qxd5 Qxd5 23. exd5 Nd7 24. c4 Nf6 25. g4 Nd7 26. Rhe1 Rc8 27. b3 Rce8 28. Rd2 Kc7 29. Bd1 e6 30. dxe6 Rxe6 31. Rde2 Rhe8 32. Kc2 Rxe2+ 33. Rxe2 Rxe2+ 34. Bxe2 f6 35. Kd3 Nc5+ 36. Kd4 Ne6+ 37. Ke3 Kd7 38. Bd1 b6 39. Bc2 a5 40. Be4 Nc5 41. Bc2 Ne6 42. Ke4 Nc7 43. Kd4 Ke6 44. Ke4 Kd7 45. Kf4 Ke6 46. Ke4 Kd7 1/2-1/2

[Event "Central America-ch (Women) 24th"]
[Site "San Salvador"]
[Date "2023.01.21"]
[Round "7"]
[White "Wijnhard, Joelle"]
[Black "Viana, Valeria"]
[Result "0-1"]
[WhiteElo "1294"]
[BlackElo "1471"]
[PlyCount "86"]
[EventDate "2023.01.21"]
[EventType "swiss"]
[EventRounds "11"]
[EventCountry "ESA"]
[SourceTitle "CBM 212 Extra"]
[Source "ChessBase"]
[SourceDate "2023.03.31"]
[SourceVersion "1"]
[SourceVersionDate "2023.03.31"]
[SourceQuality "1"]

1. e4 d5 2. exd5 Qxd5 3. Nc3 Qd8 4. Nf3 Nf6 5. Be2 Bf5 6. d3 c6 7. Be3 e6 8. a3 Be7 9. 0-0 Nd5 10. Nxd5 cxd5 11. d4 Nd7 12. Rc1 0-0 13. h3 Nb6 14. Nd2 Na4 15. b4 Nc3 16. Qe1 Rc8 17. Nf3 a5 18. Bd2 axb4 19. axb4 Bxb4 20. Bxc3 Bxc3 21. Qd1 Ba5 22. Bd3 Bxd3 23. Qxd3 Rc3 24. Qe2 Qf6 25. Rfd1 Rfc8 26. Rd3 Qf4 27. Ra1 Rxc2 28. Qe3 Rc1+ 29. Rd1 Qxe3 30. fxe3 Rxd1+ 31. Rxd1 f6 32. Kf1 Kf7 33. Ne1 b5 34. Rb1 Rb8 35. Nd3 Bc7 36. Nc5 Bd6 37. Ke2 Ke7 38. Kd3 Bxc5 39. dxc5 Kd7 40. Kd4 Kc6 41. g4 Ra8 42. Rb4 Ra3 43. Rb2 e5# 0-1

[Event "Olympiad Women-44"]
[Site "Chennai"]
[Date "2022.08.08"]
[Round "10.3"]
[White "Wijnhard, Joelle"]
[Black "Selkirk, Rebecca"]
[Result "0-1"]
[WhiteElo "1291"]
[BlackElo "1745"]
[PlyCount "76"]
[EventDate "2022.07.29"]
[EventType "team-swiss"]
[EventRounds "11"]
[EventCountry "IND"]
[SourceTitle "CBM 210"]
[Source "ChessBase"]
[SourceDate "2022.10.31"]
[SourceVersion "1"]
[SourceVersionDate "2022.10.31"]
[SourceQuality "1"]
[WhiteTeam "Surinam (W)"]
[BlackTeam "South Africa (W)"]
[WhiteTeamCountry "SUR"]
[BlackTeamCountry "RSA"]

1. e4 c6 2. Nf3 d5 3. exd5 cxd5 4. d4 Nf6 5. c3 Nc6 6. Be2 Bf5 7. Be3 e6 8. 0-0 Bd6 9. Nbd2 h6 10. h3 0-0 11. Re1 Bc7 12. Nf1 Qd6 13. Bd3 Ne4 14. Qc2 Bg6 15. Rad1 f5 16. Bxe4 fxe4 17. N3h2 Rac8 18. Qe2 Rcd8 19. c4 Nb4 20. c5 Qc6 21. Ra1 Nd3 22. Reb1 e5 23. b4 Qf6 24. Ng4 Qf7 25. Rb3 h5 26. Ngh2 Qf6 27. dxe5 Bxe5 28. Rd1 d4 29. Bc1 Nxf2 30. Re1 e3 31. Nf3 Nxh3+ 32. gxh3 Qxf3 33. Qxf3 Rxf3 34. Kg2 Be4 35. Rb2 Rg3+ 36. Kh2 Rg2+ 37. Kh1 Rh2+ 38. Kg1 Rh1# 0-1

[Event "Online Olym Div3 D"]
[Site "Chess.com INT"]
[Date "2021.08.29"]
[Round "9.4"]
[White "Wijnhard, Joelle"]
[Black "Papeta, Ariadni"]
[Result "1-0"]
[WhiteElo "1291"]
[BlackElo "1128"]
[PlyCount "73"]
[EventDate "2021.08.27"]
[EventType "team-tourn (rapid)"]
[EventRounds "9"]
[EventCountry "USA"]
[SourceTitle "CBM 204 Extra"]
[Source "ChessBase"]
[SourceDate "2021.11.30"]
[SourceVersion "1"]
[SourceVersionDate "2021.11.30"]
[SourceQuality "1"]
[WhiteTeam "Surinam"]
[BlackTeam "Cyprus"]
[WhiteTeamCountry "SUR"]
[BlackTeamCountry "CYP"]

1. e4 e5 2. Nf3 Nc6 3. d4 exd4 4. Nxd4 Nxd4 5. Qxd4 Nf6 6. Nc3 Be7 7. Qd1 0-0 8. Bd3 d6 9. h3 Be6 10. 0-0 Qd7 11. Be3 d5 12. exd5 Nxd5 13. Nxd5 Bxd5 14. Be2 h6 15. Bf3 c6 16. Qe2 Rad8 17. Bxd5 Qxd5 18. Rfd1 Qe6 19. a3 Rxd1+ 20. Rxd1 Bg5 21. Rd3 Bxe3 22. Rxe3 Qd7 23. Rd3 Qc7 24. Re3 Qc8 25. Rg3 Re8 26. Re3 Rxe3 27. Qxe3 Qd7 28. Qe2 g5 29. Kf1 f5 30. Qc4+ Kg7 31. Qe2 g4 32. hxg4 fxg4 33. Qe5+ Kg6 34. Qe4+ Kh5 35. Qe5+ Kh4 36. g3+ Kh3 37. Qh5# 1-0